zpět

Detail výsledku týmu

Chicago Bar & Grill ÚT, Liberec

Datum a čas kvízu

37 Celkem bodů Celkový počet nahraných bodů na tomto kvízu bez doplňovacích otázek.
5. Pořadí na kvízu Konečné umístění týmu na tomto kvízu.

Zaznamenané odpovědi

# Otázka Odpověď Body Výsledky
1. Který český politik zveřejnil... Vít Rakušan 1
2. Švédské království ve čtvrtek... 32. členem 1
3. Frontman jedné úspěšné britské... Dakota Johnson, Chris Martin 0
4. Od středy minulého týdne je za... HHC 1
5. Tři mužstva vyhrála v předkole... Litvínov, České Budějovice, Hradec Králové 1
6. Začneme prvním českým králem p... Přemysl Otakar II., 1278 0.5
7. Další „slavnou“ prohrou, která... ve Francii 1
8. Za naši slavnou prohru lze ozn... D 1
9. Bitva na Bílé hoře v roce 1620... D) 2 hodiny 1
10. Napište jména dvou mužů, kteří... Neville Chamberlain, Édouard Daladier 1